000 00946nam a2200289 a 4500
001 000005625
005 20260316120528.0
008 760330s1969 sp 001 m spa d
040 _aDO-SdBNP
_bspa
_cBNPHU
082 _a868.3
_bV145d, 1969
100 1 _aValdés, Juan de,
_d1509-1541
_915874
245 1 0 _aDiálogo de la lengua /
_cJuan de Valdés ; edición, introducción y notas de José F. Montesinos.
250 _a5a ed.
260 _aMadrid :
_bEspasa-Calpe,
_c1969.
300 _alxvi, 222 p. ;
_c19 cm.
490 1 _aClásicos castellanos
_v86
504 _aBibliografías: p. 217-222.
650 0 _aDiálogos españoles
_915875
650 4 _aTeatro español
_93071
650 4 _aLiteratura española
_9632
650 0 _aFilosofía española
_915876
700 1 _aMontesinos, José F.,
_eed.
_94179
830 0 _aClásicos castellanos ;
_v86.
_94180
910 _aCatalogación por copia / LC
910 _aWM
049 _aBNGR
999 _c5424
_d5424